| 000 | 01613nam0a2200361 4500 | ||
|---|---|---|---|
| 001 | RU\NLR\bibl\1299377 | ||
| 005 | 20260406142856.0 | ||
| 010 |
_a978-5-9571-0263-2 _9120 |
||
| 021 |
_aRU _b2008-80395 _94672 |
||
| 035 | _a(nilc)EL/0000145663 | ||
| 035 | _aBELG\BIBL\0000212188 | ||
| 035 | _a(NLR Aleph) 001284976 | ||
| 090 |
_a522935 _c522935 |
||
| 100 | _a20070727d2007 |||y0rusy50 ca | ||
| 101 | 1 |
_arus _aeng |
|
| 102 | _aRU | ||
| 105 | _ay ||||||||| | ||
| 200 | 1 |
_aУчебное пособие по книге Т. Драйзера "Дженни Герхардт" Jennie Gerhardt _fД.В. Лагоденко, Ж.М. Лагоденко _gБелгородский государственный университет |
|
| 210 |
_aБелгород _cБелГУ _d2007 |
||
| 215 |
_a68с. _d21 |
||
| 500 | 1 | 0 |
_6z11702 _a"Дженни Герхардт" Jennie Gerhardt |
| 606 | 1 |
_aАнглийский язык _jУчебные издания для высших учебных заведений _9972309 _3RU\NLR\auth\6646032 |
|
| 686 |
_a81.432.1-922.7 _vLBC/RL _2rubbk |
||
| 686 | _aШ143.21-93рус31 | ||
| 700 | 1 |
_aЛагоденко _bД. В. _gДжульетта Владимировна _4070 |
|
| 701 | 1 |
_aЛагоденко _bЖ. М. _gЖанетта Михайловна _4070 |
|
| 702 | 1 |
_4570 _8rus _7ca _aДрайзер _bТ. _f1871-1945 _gТеодор _3RU\NLR\auth\773596 _9113591 |
|
| 801 | 0 |
_aRU _bБелгородская ГУНБ _c20070727 _gPSBO |
|
| 801 | 1 |
_aRU _bБелгородская ГУНБ _c20070727 |
|
| 801 | 2 |
_aRU _bNLR _c20081127 _grcr |
|
| 942 | _cBOOK | ||
| 980 | _aNB | ||